|
|
|
|
| LEADER |
02308nam a2200481 i 4500 |
| 001 |
nkc20243609555 |
| 003 |
CZ PrNK |
| 005 |
20240620105259.0 |
| 007 |
ta |
| 008 |
240606s2024 xr g 000 f cze |
| 015 |
|
|
|a cnb003609555
|
| 020 |
|
|
|a 978-80-253-6776-6
|q (brožováno) :
|c Kč 449,00
|
| 035 |
|
|
|a (OCoLC)1445418512
|
| 040 |
|
|
|a ABG001
|b cze
|e rda
|
| 041 |
1 |
|
|a cze
|h ger
|
| 072 |
|
7 |
|a 821.112.2-3
|x Německá próza, německy psaná
|2 Konspekt
|9 25
|
| 080 |
|
|
|a 821.112.2-31
|2 MRF
|
| 080 |
|
|
|a (0:82-312.5)
|2 MRF
|
| 100 |
1 |
|
|a Böhm, Nicole,
|d 1974-
|7 xx0275837
|4 aut
|
| 240 |
1 |
0 |
|a One last dance.
|l Česky
|
| 245 |
1 |
0 |
|a Poslední tanec /
|c Nicole Böhmová ; z německého originálu One last dance ... přeložila Barbora Špundová
|
| 250 |
|
|
|a 1. vydání
|
| 264 |
|
1 |
|a V Praze :
|b Fragment,
|c 2024
|
| 300 |
|
|
|a 351 stran ;
|c 21 cm
|
| 336 |
|
|
|a text
|b txt
|2 rdacontent
|
| 337 |
|
|
|a bez média
|b n
|2 rdamedia
|
| 338 |
|
|
|a svazek
|b nc
|2 rdacarrier
|
| 520 |
2 |
|
|a New adult romantický příběh od německé autorky vypráví o zničených snech, povinnostech a dospělosti. Také je ale o naději, o tom, že nikdy není pozdě pro plnění si našich snů, a že láska pořád ještě vítězí.
|b Gillian vždy toužila po jediném: stát se tanečnicí. Nyní však zastupuje svého nemocného otce na pozici ředitelky proslulé New York Music & Stage Academy. Zdá se, že její život je naplánovaný a není v něm místo pro velké sny. Jednoho dne jí však cestu zkříží Jaz, mladý pouliční tanečník bez prostředků, ale s neuvěřitelným talentem - a ona si uvědomí, že nikdy není pozdě bojovat za své sny. Nakladatelská anotace.
|
| 521 |
8 |
|
|a Pro čtenáře od 15 let
|
| 653 |
0 |
|
|a literatura new adult
|
| 655 |
|
7 |
|a německé romány
|7 fd132945
|2 czenas
|
| 655 |
|
7 |
|a milostné romány
|7 fd132840
|2 czenas
|
| 655 |
|
9 |
|a German fiction
|2 eczenas
|
| 655 |
|
9 |
|a love novels
|2 eczenas
|
| 700 |
1 |
|
|a Špundová, Barbora,
|d 1986-
|7 xx0236667
|4 trl
|
| 787 |
0 |
8 |
|i Z cyklu:
|t Poslední...
|g 2
|
| 910 |
2 |
|
|a BOA001
|b 2-1527.170
|
| 920 |
|
|
|a 4991330
|z ABG001
|
| 928 |
9 |
|
|a Albatros Media - Fragment
|
| 990 |
|
|
|a BK
|
| 995 |
|
|
|a 01
|
| 991 |
|
|
|b 202406
|c NOV
|
| 996 |
6 |
|
|b 2610971744
|c 2-1527.170
|l MZK
|r Sklad / do 1 hodiny
|n 0
|p p.v.
|w 001967253
|u 000010
|a 1
|e BOA001
|j MZK50
|s P
|